[Event "BCF-chT4 2223 (4NCL)"]
[Site "England"]
[Date "2023.03.25"]
[Round "7.143"]
[White "Usher, Michael E"]
[Black "Michaud, Gerald"]
[Result "1/2-1/2"]
[WhiteElo "1786"]
[BlackElo "1884"]
[PlyCount "99"]
[EventDate "2022.11.05"]
[EventType "team-swiss"]
[EventRounds "11"]
[EventCountry "ENG"]
[SourceTitle "EXT 2024"]
[Source "ChessBase"]
[SourceDate "2023.10.10"]
[SourceVersion "1"]
[SourceVersionDate "2023.10.10"]
[SourceQuality "1"]
[WhiteTeam "Iceni III"]
[BlackTeam "Sussex Martlets III"]
[WhiteTeamCountry "ENG"]
[BlackTeamCountry "ENG"]

1. d4 e6 2. Nf3 Nf6 3. Bg5 Be7 4. Nbd2 d5 5. e3 0-0 6. Bd3 c5 7. c3 Nbd7 8. 0-0 h6 9. Bf4 Nh5 10. Be5 Nxe5 11. Nxe5 Nf6 12. f4 Qb6 13. Rb1 Bd7 14. Rf3 cxd4 15. exd4 Bb5 16. Bc2 Qa6 17. Rh3 Be2 18. Qe1 Bg4 19. Nxg4 Nxg4 20. Nf3 f5 21. a3 Rac8 22. Qd2 b5 23. Re1 Qc6 24. Ne5 Nxe5 25. Rxe5 Bf6 26. Re1 a5 27. Rhe3 Rfe8 28. Bb1 Kf7 29. Qe2 g6 30. Bd3 Rb8 31. g3 b4 32. axb4 axb4 33. Bb1 bxc3 34. bxc3 Rb3 35. Qd3 g5 36. Bc2 Rb2 37. R3e2 gxf4 38. Ba4 Rxe2 39. Bxc6 Rxe1+ 40. Kg2 Re4 41. Bxe8+ Kxe8 42. Qb5+ Kf7 43. Qd7+ Be7 44. Qc7 fxg3 45. hxg3 h5 46. Kf3 h4 47. gxh4 Rxh4 48. Kg3 Re4 49. Kf3 Kf6 50. Qc8 1/2-1/2

[Event "BCF-chT4 2223 (4NCL)"]
[Site "England"]
[Date "2022.11.06"]
[Round "2.121"]
[White "Ireland, David J"]
[Black "Usher, Michael E"]
[Result "1-0"]
[WhiteElo "1971"]
[BlackElo "1721"]
[PlyCount "75"]
[EventDate "2022.11.05"]
[EventType "team-swiss"]
[EventRounds "11"]
[EventCountry "ENG"]
[SourceTitle "EXT 2024"]
[Source "ChessBase"]
[SourceDate "2023.10.10"]
[SourceVersion "1"]
[SourceVersionDate "2023.10.10"]
[SourceQuality "1"]
[WhiteTeam "Coventry"]
[BlackTeam "Iceni III"]
[WhiteTeamCountry "ENG"]
[BlackTeamCountry "ENG"]

1. Nf3 e6 2. g3 f5 3. Bg2 Nf6 4. d4 Be7 5. c4 0-0 6. 0-0 d6 7. Nc3 Ne4 8. Qc2 Nxc3 9. Qxc3 Nd7 10. b3 Qe8 11. Bb2 Nf6 12. Nd2 Qg6 13. Rae1 Ng4 14. h3 Nh6 15. f4 Bf6 16. e4 c5 17. e5 cxd4 18. Qxd4 dxe5 19. fxe5 Be7 20. Kh2 Rd8 21. Qf2 Qe8 22. Nf3 Qd7 23. Qe2 Qc7 24. Rd1 Bd7 25. Nd4 a6 26. Bc1 Nf7 27. Nxf5 Bc5 28. Bf4 Bc6 29. Nd6 Bxg2 30. Kxg2 Qc6+ 31. Kh2 Bxd6 32. exd6 e5 33. Bxe5 Re8 34. Rd5 Nxe5 35. Rxe5 Kh8 36. Re7 h6 37. Qe5 Rxe7 38. dxe7 1-0

[Event "BCF-chT4S 1920 (4NCL)"]
[Site "England"]
[Date "2019.11.09"]
[Round "1.62"]
[White "Usher, Michael E"]
[Black "Ireland, David J"]
[Result "0-1"]
[WhiteElo "1713"]
[BlackElo "1961"]
[PlyCount "62"]
[EventDate "2019.11.09"]
[EventType "team-swiss"]
[EventRounds "11"]
[EventCountry "ENG"]
[SourceTitle "EXT 2022"]
[Source "ChessBase"]
[SourceDate "2021.10.06"]
[SourceVersion "1"]
[SourceVersionDate "2021.10.06"]
[SourceQuality "1"]
[WhiteTeam "Iceni III"]
[BlackTeam "Throw in the Tal"]
[WhiteTeamCountry "ENG"]
[BlackTeamCountry "ENG"]

1. d4 Nf6 2. Nc3 d5 3. Bf4 Bf5 4. f3 c5 5. e3 Nc6 6. g4 Bg6 7. a3 cxd4 8. exd4 e6 9. h4 h6 10. Bd3 Bxd3 11. Qxd3 Bd6 12. Nge2 Bxf4 13. Nxf4 a6 14. 0-0-0 Qd6 15. Nfe2 Na5 16. g5 Nd7 17. f4 0-0-0 18. Qf3 Nc4 19. Rd3 b5 20. Na2 Kb7 21. Nec3 Ndb6 22. Kb1 Rc8 23. Rg1 hxg5 24. hxg5 Rh2 25. Rgd1 Nxb2 26. Kxb2 Nc4+ 27. Ka1 Qxa3 28. Na4 Qxa4 29. Rc1 Rxc2 30. Rxc2 Qxc2 31. Rb3 Nd2 0-1

[Event "BCF-chT4S 1617 (4NCL)"]
[Site "England"]
[Date "2017.01.15"]
[Round "4.41"]
[White "Davis, Lee"]
[Black "Usher, Michael E"]
[Result "1-0"]
[WhiteElo "2030"]
[BlackElo "1769"]
[PlyCount "149"]
[EventDate "2016.11.26"]
[EventType "team-swiss"]
[EventRounds "11"]
[EventCountry "ENG"]
[SourceTitle "EXT 2019"]
[Source "ChessBase"]
[SourceDate "2018.10.10"]
[SourceVersion "1"]
[SourceVersionDate "2018.10.10"]
[SourceQuality "1"]
[WhiteTeam "The Full Ponty"]
[BlackTeam "Iceni II"]
[WhiteTeamCountry "WLS"]
[BlackTeamCountry "ENG"]

1. g3 c6 2. d4 d6 3. Bg2 Nd7 4. Nf3 Ngf6 5. 0-0 g6 6. c4 Bg7 7. Nc3 0-0 8. e4 e5 9. h3 Qc7 10. Be3 Re8 11. d5 c5 12. Ne1 a6 13. Qc2 Nh5 14. Kh2 Nb6 15. Qe2 Qe7 16. b3 Bd7 17. Rc1 Rf8 18. Nd3 Rae8 19. Bf3 Nf6 20. Nb1 Bc8 21. b4 Nfd7 22. bxc5 Nxc5 23. Nxc5 dxc5 24. Nc3 Qc7 25. Rfd1 Rd8 26. a4 Nd7 27. d6 Qc6 28. Rd5 Nb6 29. Rxc5 Qxd6 30. Rd1 Qe6 31. Bg2 Rxd1 32. Nxd1 Nxa4 33. Rd5 Nb6 34. Rc5 Rd8 35. Nc3 Bf8 36. Rd5 Nxd5 37. exd5 Qd7 38. Bg5 Be7 39. Qxe5 Bxg5 40. Qxg5 Re8 41. Ne4 Rxe4 42. Bxe4 Qxh3+ 43. Kg1 Qd7 44. c5 Qe8 45. d6 Kg7 46. Qe7 Qxe7 47. dxe7 Bd7 48. Bxb7 Kf6 49. c6 Bxc6 50. Bxc6 Kxe7 51. Kg2 h6 52. Kf3 Kd6 53. Be8 Ke7 54. Ba4 f6 55. Ke4 a5 56. Kd5 h5 57. Ke4 Kf7 58. Bb3+ Kg7 59. Kd5 g5 60. Ke4 Kg6 61. Ba4 h4 62. gxh4 gxh4 63. Kf4 h3 64. Bc2+ Kh5 65. Kg3 h2 66. Kxh2 Kg4 67. Kg2 Kf4 68. Ba4 f5 69. Bc6 Kg4 70. Kf1 Kf4 71. Ke2 Kg4 72. Ke3 Kg5 73. Kf3 Kf6 74. Kf4 Kg6 75. Bd7 1-0

[Event "BCF-chT4S 1617 (4NCL)"]
[Site "England"]
[Date "2017.01.14"]
[Round "3.43"]
[White "Usher, Michael E"]
[Black "Jaufarally, Nadia"]
[Result "0-1"]
[WhiteElo "1769"]
[BlackElo "1664"]
[PlyCount "128"]
[EventDate "2016.11.26"]
[EventType "team-swiss"]
[EventRounds "11"]
[EventCountry "ENG"]
[SourceTitle "EXT 2019"]
[Source "ChessBase"]
[SourceDate "2018.10.10"]
[SourceVersion "1"]
[SourceVersionDate "2018.10.10"]
[SourceQuality "1"]
[WhiteTeam "Iceni II"]
[BlackTeam "D&D Utd"]
[WhiteTeamCountry "ENG"]
[BlackTeamCountry "ENG"]

1. b3 d5 2. Bb2 Bf5 3. e3 e6 4. Nf3 Nf6 5. Be2 Be7 6. 0-0 0-0 7. Nh4 Be4 8. f3 Bg6 9. Nxg6 hxg6 10. f4 Nbd7 11. Bf3 Nc5 12. d3 Nh7 13. Nd2 g5 14. Qe2 Bf6 15. Be5 Nd7 16. Bxf6 Qxf6 17. fxg5 Qxg5 18. e4 c6 19. d4 Qg6 20. c3 Ng5 21. Bh5 Qh6 22. e5 g6 23. Bg4 Kg7 24. Nf3 Rh8 25. h3 Ne4 26. Qe1 b5 27. a4 a6 28. Ra2 Rhb8 29. Nh2 bxa4 30. bxa4 Rb3 31. Bf3 Nxc3 32. Rc2 Nxa4 33. Rxc6 Qe3+ 34. Qxe3 Rxe3 35. Rc7 Nab6 36. Rd1 Ra3 37. Ng4 a5 38. Rb7 Rb8 39. Ra7 a4 40. Rb1 Nc4 41. Rf1 Nd2 42. Rxd7 Nxf1 43. Kxf1 Ra1+ 44. Kf2 a3 45. Bxd5 exd5 46. e6 a2 47. Rxf7+ Kh8 48. Nf6 Rf1+ 49. Kxf1 a1Q+ 50. Ke2 Qa6+ 51. Kf2 Rb2+ 52. Kg1 Rb7 53. e7 Rxe7 54. Rxe7 Qxf6 55. Re5 Qc6 56. Kf2 Kg7 57. Re2 Qc3 58. Kf1 Qxd4 59. Ke1 Qc3+ 60. Kd1 d4 61. Rc2 Qb3 62. Kd2 Qe3+ 63. Kd1 d3 64. Rb2 Kh6 0-1

[Event "BCF-chT4 1516 (4NCL)"]
[Site "England"]
[Date "2016.03.19"]
[Round "8.99"]
[White "Dixon, Chris"]
[Black "Usher, Michael E"]
[Result "1/2-1/2"]
[WhiteElo "1812"]
[BlackElo "1675"]
[PlyCount "62"]
[EventDate "2015.11.14"]
[EventType "team-swiss"]
[EventRounds "11"]
[EventCountry "ENG"]
[SourceTitle "EXT 2017"]
[Source "ChessBase"]
[SourceDate "2016.10.25"]
[SourceVersion "1"]
[SourceVersionDate "2016.10.25"]
[SourceQuality "1"]
[WhiteTeam "The Full Ponty"]
[BlackTeam "Iceni II"]
[WhiteTeamCountry "ENG"]
[BlackTeamCountry "ENG"]

1. Nf3 b6 2. g3 Bb7 3. d3 e6 4. Bg2 f5 5. 0-0 Nf6 6. Nbd2 Be7 7. Re1 0-0 8. e4 f4 9. e5 Nd5 10. c4 Nb4 11. Ne4 fxg3 12. hxg3 Qe8 13. a3 N4c6 14. d4 Qh5 15. b4 a5 16. b5 Nd8 17. Nfg5 Qg6 18. Nh3 d5 19. exd6 cxd6 20. Nf4 Qf7 21. Qe2 Nd7 22. Bb2 Rc8 23. Nd2 Bxg2 24. Kxg2 e5 25. Nd5 Bf6 26. Nxf6+ Qxf6 27. Ne4 Qg6 28. Rad1 Ne6 29. Kh2 Qh6+ 30. Kg2 Qg6 31. Kh2 Qh6+ 1/2-1/2